Normal view
MARC view
- Dr. Noseen Fatima
Entry Personal Name
001 - CONTROL NUMBER
- control field: 21013
003 - CONTROL NUMBER IDENTIFIER
- control field: NUST
005 - DATE AND TIME OF LATEST TRANSACTION
- control field: 20190920112319.0
008 - FIXED-LENGTH DATA ELEMENTS
- fixed length control field: 190920|| aca||aabn | a|a d
040 ## - CATALOGING SOURCE
- Original cataloging agency: NUST
- Transcribing agency: NUST
100 ## - HEADING--PERSONAL NAME
- Personal name: Dr. Noseen Fatima
670 ## - SOURCE DATA FOUND
- Source citation: Work cat.: (NUST): Fatima, Hira 21012, Magnetic Nanoparticles and Biopolymer Magnetic Colloids for Ultrasensitive Molecular Imaging and Hyperthermia /, 2014.
